Hondureñismos: Vocabulario de los provincialismos de Honduras
Сохранить в:
| Главный автор: | |
|---|---|
| Формат: | |
| Язык: | испанский |
| Опубликовано: |
Tegucigalpa
Tipografía Nacional
1895
|
| Редактирование: | 1a. ed |
| Предметы: | |
| Метки: |
Добавить метку
Нет меток, Требуется 1-ая метка записи!
|
MARC
| LEADER | 00000nam a2200000 a 4500 | ||
|---|---|---|---|
| 001 | UCJ5906 | ||
| 003 | CL-VaPUC | ||
| 008 | 070124e18951002ho |||||||||||||||||spa|d | ||
| 082 | 0 | 4 | |a 467 |b MEM |2 21 |
| 100 | |a Membreño, Alberto |e autor |9 511849 | ||
| 245 | 1 | 0 | |a Hondureñismos: Vocabulario de los provincialismos de Honduras |
| 250 | |a 1a. ed | ||
| 300 | |a 122 p | ||
| 942 | |c BK | ||
| 945 | |d 20070124 00:00:00 |a rinostro | ||
| 260 | |a Tegucigalpa |b Tipografía Nacional |c 1895 | ||
| 650 | 0 | |a Lenguaje y lenguas |9 265846 | |
| 650 | 0 | |a Lexicografía |9 321487 | |
| 650 | 7 | |a HONDUREÑISMOS |2 CL-VaPUC |9 511850 | |
| 650 | 7 | |a MARCA TIPOGRAFICA |2 CL-VaPUC |9 506100 | |
| 651 | 7 | |a HONDURAS |2 CL-VaPUC |9 257740 | |
| 583 | |a last modification |c 20171218 06:37:46 |k Rodrigo Vera | ||
| 999 | |c 322014 |d 322012 | ||
| 952 | |0 0 |1 0 |4 0 |6 467_000000000000000_MEM_1895 |7 0 |8 X |9 400919 |a FDOBUD |b FDOBUD |d 2019-11-22 |i 1041134 |o 467 MEM 1895 |p 1041134 |r 2019-11-22 |w 2019-11-22 |y BK_X |k BUD | ||